Loading...
| Fine Arts - Classical Music | 7 | 21.43 | 100% | 100% | 14% |
| Fine Arts - Other | 8 | 20.00 | 100% | 75% | 25% |
| Fine Arts - Painting and Sculpture | 4 | 17.50 | 100% | 75% | 0% |
| Geography | 2 | 25.00 | 100% | 100% | 50% |
| History - American | 9 | 20.00 | 100% | 78% | 22% |
| History - European | 3 | 16.67 | 100% | 67% | 0% |
| History - Other | 8 | 20.00 | 100% | 88% | 13% |
| History - World | 7 | 22.86 | 100% | 100% | 29% |
| Literature - American | 5 | 24.00 | 100% | 80% | 60% |
| Literature - British | 7 | 20.00 | 100% | 86% | 14% |
| Literature - European | 7 | 21.43 | 100% | 86% | 29% |
| Literature - World | 5 | 20.00 | 100% | 80% | 20% |
| Mythology | 8 | 22.50 | 100% | 88% | 38% |
| Other Academic | 1 | 20.00 | 100% | 100% | 0% |
| Philosophy | 5 | 18.00 | 100% | 80% | 0% |
| Pop Culture | 1 | 20.00 | 100% | 100% | 0% |
| Religion | 5 | 24.00 | 100% | 80% | 60% |
| Science - Biology | 8 | 21.25 | 88% | 88% | 38% |
| Science - Chemistry | 9 | 20.00 | 100% | 67% | 33% |
| Science - Other | 8 | 18.75 | 88% | 75% | 25% |
| Science - Physics | 5 | 14.00 | 100% | 20% | 20% |
| Social Science | 8 | 17.50 | 100% | 50% | 25% |